Husserl ou le retour aux choses
Furkejuvvon:
| Váldodahkki: | |
|---|---|
| Materiálatiipa: | Girji |
| Giella: | fránskkagiella |
| Almmustuhtton: |
París
Seghers
1966
|
| Ráidu: | Philosophes de tous les temps
|
| Fáttát: | |
| Fáddágilkorat: |
Lasit fáddágilkoriid
Eai fáddágilkorat, Lasit vuosttaš fáddágilkora!
|
MARC
| LEADER | 00000nam a2200000 a 4500 | ||
|---|---|---|---|
| 001 | UCZ3047 | ||
| 003 | CL-VaPUC | ||
| 008 | 951013e19660000FR |||||||||||||||||fre|d | ||
| 082 | 0 | 4 | |a 142.7 |b CHR |2 21 |
| 100 | 0 | |a Christoff, Daniel |e author |9 346840 | |
| 245 | 1 | 0 | |a Husserl ou le retour aux choses |
| 300 | |a 181 p | ||
| 942 | |c BK | ||
| 945 | |d 19951013 00:00:00 |a lriquelm | ||
| 260 | |a París |b Seghers |c 1966 | ||
| 650 | 0 | |a Fenomenología |9 256519 | |
| 650 | 0 | |a Lógica |9 256849 | |
| 650 | 0 | |a Filosofía de las ciencias |9 256466 | |
| 650 | 0 | |a Filosofía alemana |9 265002 | |
| 583 | |a last modification |c 19951013 00:00:00 |k Rodrigo Vera | ||
| 490 | 0 | |a Philosophes de tous les temps | |
| 999 | |c 239576 |d 239574 | ||
| 952 | |0 0 |1 0 |4 0 |6 142_700000000000000_CHR_1966 |7 0 |8 P |9 250834 |a BIBEDU |b BIBEDU |c BIBEDU_PB |d 2019-11-18 |i 1583395 |o 142.7 CHR 1966 |p 1583395 |r 2024-01-25 |w 2019-11-18 |y BK |k FIL | ||